| 000 | 03556nam a2200313Ia 4500 | ||
|---|---|---|---|
| 999 |
_c30780 _d30780 |
||
| 003 | CO-CtgCURN | ||
| 005 | 20250409212018.0 | ||
| 008 | 230206s9999 xx 000 0 und d | ||
| 020 | _a9789585032033 | ||
| 040 |
_aCO-CtgCURN _bspa _ccoctgcurn |
||
| 082 |
_a346.07 _bP419sc |
||
| 100 |
_aPeña Nosa, Lisandro _eautor _96535 |
||
| 245 | 0 |
_aDe las sociedades comerciales : _benfasís emn sociedad por acciones simplificada / _cLisandro Peña Nossa |
|
| 250 | _a9 edición | ||
| 260 |
_aBogotá, Colombia : _bEcoe Ediciones, _c2022 |
||
| 300 |
_a543 páginas ; _c24 centímetros |
||
| 490 | _aDerecho | ||
| 500 | _aIncluye índice | ||
| 504 | _aIncluye referencias bibliográficas | ||
| 505 | _aParte 1. Nociones generales -- Capítulo I. La empresa en la Constitución Política de Colombia -- Capítulo II. Naturaleza jurídica de las sociedades -- Capítulo III. Personalidad jurídica de la sociedad -- Capítulo IV. Requisitos de fondo para la validez del contrato social -- Capítulo V. Requisitos de forma del contrato social -- Capítulo VI. Requisitos esenciales para la existencia de la sociedad -- Parte 2 . Sociedades comerciales -- Capítulo I. Sociedad colectiva -- Capítulo II. Sociedad anónima -- Capítulo III. Sociedad de responsabilidad limitada -- Capítulo IV. Sociedades comanditarias -- Capítulo V. Empresa unipersonal -- Capítulo VI. Sociedad por acciones simplificada -- Capítulo VII. Sociedad de hecho -- Capítulo VIII. Grupos empresariales -- Capítulo IX. Sucursales y agencias -- Parte 3. Gestión interna y externa de la sociedad -- Capítulo I. Asamblea general de accionistas o junta de socios -- Capítulo II. Estados financieros y reparto de utilidades -- Capítulo III. Junta Directiva -- Capítulo IV. Representante legal -- Capítulo V. Revisor fiscal -- Capítulo VI. Administradores de la sociedad y su responsabilidad -- Capítulo VII. Obligaciones del empresario -- Capítulo VIII. Reformas estatutarias -- Capítulo IX. Transformación, fusión y escisión de la sociedad -- Capítulo X. Derecho de retiro o receso -- Capítulo XI. Inspección, vigilancia y control -- Parte 4. Terminación de la sociedad -- Capítulo I. Disolución de la sociedad -- apítulo II. Liquidación del patrimonio social -- Capítulo III. Insolvencia transfronteriza | ||
| 520 | _aAl constituir una sociedad comercial las personas unen sus capitales para desarrollar un negocio con beneficios representados en utilidades que se repartirán a los asociados. Así mismo, el régimen societario, permite que las personas naturales por razón de su carácter o actividad puedan constituirse como empresas unipersonales o de diferente tipo societario. La presente obra presta especial énfasis a la sociedad por acciones simplificada, a sus ventajas jurídicas y económicas. Además, desarrolla cada tipo de sociedad comercial, sus nociones generales, los requisitos de fondo y forma para su constitución y un estudio profundo de su tratamiento legal y de sus ventajas económicas; seguido de la gestión interna y externa de la sociedad, la disolución, liquidación y el régimen de reorganización empresarial e insolvencia transfronteriza. | ||
| 521 | _aAREA PROFESIONAL | ||
| 590 | _aPrograma de Derecho_18 | ||
| 650 |
_aDerecho comercial _zColombia _96536 |
||
| 650 |
_aSociedades comerciales _zColombia _96537 |
||
| 942 |
_cBK _h346.07 _iP419sc _2ddc _02 |
||